Grève du 10 septembre (mort subite) - Statistiques

Statistiques générales
  • Ce quiz a été pris 39 fois
  • Le résultat moyen est 12 sur 15
Answers on the Grid
Answers color-coded by a green-red scale on the quiz's grid according to % correct below.
Placeurs de quilles
Agriculteurs
Enseignants
Télégraphistes
Allumeurs de réverbères
Réveilleurs
Personnel soignant
Marchandes de plaisir
Caillouteurs
Poinçonneurs
Cheminots
Pêcheurs de sable
Pharmaciens
Rhabilleurs de meules
Attrapeurs de rats
JetPunkers professionnels
Décrotteurs
Loueuses de sangsues
Crieurs
Détecteurs acoustiques d'avion
Routiers
Eboueurs
 
Statistiques - réponses
Réponse % Correct
Placeurs de quilles
97%
Caillouteurs
85%
Pêcheurs de sable
85%
Allumeurs de réverbères
82%
Attrapeurs de rats
82%
Détecteurs acoustiques d'avion
82%
JetPunkers professionnels
82%
Loueuses de sangsues
82%
Marchandes de plaisir
82%
Rhabilleurs de meules
82%
Décrotteurs
79%
Réveilleurs
79%
Crieurs
76%
Poinçonneurs
76%
Télégraphistes
74%
Aucun quiz correspondant
Distribution des résultats
% des personnes avec chaque résultat
Percentile par nombre de réponses
Votre historique - résultats
Vous n’avez pas pris ce quiz